00500cam a2200145 a 4500020001500000040000800015082002600023100001900049245009700068260010600165300004000271700001900311942000700330999001700337 a1863733027 cDLC00a959 ALL 1996 A087 Or.1 aDennis, Peter,10aEmergency and confrontation :bAustralian military operations in Malaya & Borneo 1950-1966 / aSt. Leonards, NSW, Australia :bAllen & Unwin in association with the Australian War Memorial,c1996. axvi, 381 p. :bill., maps ;c25 cm.1 aGrey, Jeffrey. cEK c17035d17035